Statistiche per Dove giocava nel 2010-2011? - Quiz n°20

Clicka qui per fare il quiz!

Statistiche generali

  • Questo quiz è stato fatto 13 volte
  • Il punteggio medio è 7 su 10

Statistiche sulle risposte

HintRisposta% Corretto
Jan VertonghenAjax
91%
Toni KroosBayern Monaco
91%
KokeAtletico Madrid
82%
AmauriJuventus
82%
João MoutinhoPorto
82%
Aaron RamseyNottingham Forest
73%
Yoann GourcuffOlympique Lione
64%
Jordi AlbaValencia
64%
Saphir TaïderGrenoble
55%
Klaas-Jan HuntelaarSchalke 04
55%

Distribuzione punteggi

Percentile per numero di risposta

Percentuale di utenti per punteggio

I tuoi punteggi nel tempo

Non hai fatto questo quiz